| 000 | 00870cam a2200229 a 4500 | ||
|---|---|---|---|
| 001 | 4931207 | ||
| 005 | 20250123124340.0 | ||
| 008 | 950323r19951992coua b 000 0 eng d | ||
| 020 | _a1561792578 (pbk.) | ||
| 050 | 0 | 0 |
_aHM136 _b.R67 1995 |
| 082 | 0 | 0 |
_a303.6/9 _220 |
| 100 | 1 |
_aRosberg, Gary, _d1952- |
|
| 245 | 1 | 0 |
_aDr. Rosberg's do-it-yourself relationship mender / _cGary Rosberg. |
| 260 |
_aColorado Springs, Colo. : _bFocus on the Family Pub. ; _aDallas, Tex. : _bDistributed in the U.S.A. and Canada by Word Books, _cc1995. |
||
| 300 |
_a328 p. : _bill. ; _c22 cm. |
||
| 500 | _aPreviously published as: Choosing to love again. 1992. With new study guide. | ||
| 650 | 0 | _aConflict management. | |
| 650 | 0 | _aInterpersonal conflict. | |
| 650 | 0 | _aInterpersonal relations. | |
| 650 | 0 |
_aInterpersonal relations _xReligious aspects _xChristianity. |
|
| 942 |
_2lcc _cBK _n0 |
||
| 999 |
_c2924 _d2924 |
||